| 000 | 007580000a22002170004500 | ||
|---|---|---|---|
| 003 | LK-CoMWRAF | ||
| 005 | 20231220113847.0 | ||
| 008 | 230817t ||||| |||| 00| 0 eng d | ||
| 020 | _a9558087041 | ||
| 040 |
_aLK-CoMWRAF _dLK-CoMWRAF _eLK-CoMWRAF |
||
| 041 | _asin | ||
| 082 |
_a297.577 _bNAJ |
||
| 100 | _aනජිමුදීන්, එම්.එල් | ||
| 245 | _aඉස්ලාම් ධර්මය සහ පවුල් සැලසුම | ||
| 246 | _aIslam Dharmaya saha Pawul Selasum | ||
| 260 |
_aදර්ගා නගරය : _bකවය (ස්ටඩි සර් කල්), _c2001 |
||
| 300 | _aපි.151 | ||
| 650 | _aපවුල් සැලසුම්කරණය--ඉස්ලාම් | ||
| 650 | _aSinhala | ||
| 942 | _cBK | ||
| 999 |
_c440 _d440 |
||